[Event "CZE-chT 2223"]
[Site "Czech Republic"]
[Date "2023.03.25"]
[Round "10.1"]
[White "Simek, Petr1111"]
[Black "Obsivac, Josef"]
[Result "1-0"]
[WhiteElo "2323"]
[BlackElo "2275"]
[PlyCount "108"]
[EventDate "2022.10.15"]
[EventType "team-tourn"]
[EventRounds "11"]
[EventCountry "CZE"]
[SourceTitle "CBM 213 Extra"]
[Source "ChessBase"]
[SourceDate "2023.05.31"]
[SourceVersion "1"]
[SourceVersionDate "2023.05.31"]
[SourceQuality "1"]
[WhiteTeam "Unichess"]
[BlackTeam "Brno Moravska Slavia"]
[WhiteTeamCountry "CZE"]
[BlackTeamCountry "CZE"]

1. d4 Nf6 2. c4 e6 3. Nf3 Bb4+ 4. Nbd2 d5 5. a3 Be7 6. g3 b6 7. Bg2 Bb7 8. 0-0 0-0 9. b3 Nbd7 10. Bb2 c5 11. Rc1 Rc8 12. Rc2 Rc7 13. Qa1 dxc4 14. Nxc4 cxd4 15. Nxd4 Bxg2 16. Kxg2 Qa8+ 17. Kg1 Rc5 18. b4 Rh5 19. Ne3 Qe4 20. Nf3 a5 21. Rc4 Qa8 22. Bc3 Rc8 23. Rxc8+ Qxc8 24. Rc1 Qa6 25. Qb2 axb4 26. axb4 Bf8 27. Rd1 Qb7 28. Qb3 Ne4 29. Be1 Qc7 30. Qd3 Nd6 31. Bd2 Qb7 32. Bc3 b5 33. h4 f5 34. Ng2 Rh6 35. Ng5 Nb6 36. Nf4 Qc8 37. Bd4 Nbc4 38. Qc3 Qe8 39. Bc5 Ne4 40. Nxe4 fxe4 41. Qd4 e3 42. Qd8 exf2+ 43. Kxf2 Bxc5+ 44. bxc5 Qxd8 45. Rxd8+ Kf7 46. c6 e5 47. c7 Nb6 48. Nd5 Rc6 49. Nxb6 Rxc7 50. Rd5 Ke6 51. Rxb5 h5 52. Nd5 Rf7+ 53. Kg2 Kf5 54. Rb4 Ra7 1-0

[Event "CZE-chT2E 2223"]
[Site "Czech Republic"]
[Date "2023.02.19"]
[Round "9.4"]
[White "Obsivac, Josef"]
[Black "Vecera, Dominik"]
[Result "1-0"]
[WhiteElo "2275"]
[BlackElo "2133"]
[PlyCount "97"]
[EventDate "2022.10.16"]
[EventType "team-tourn"]
[EventRounds "11"]
[EventCountry "CZE"]
[SourceTitle "EXT 2024"]
[Source "ChessBase"]
[SourceDate "2023.10.10"]
[SourceVersion "1"]
[SourceVersionDate "2023.10.10"]
[SourceQuality "1"]
[WhiteTeam "Grygov"]
[BlackTeam "Kromeriz Slavia II"]
[WhiteTeamCountry "CZE"]
[BlackTeamCountry "CZE"]

1. d4 Nf6 2. c4 c5 3. d5 b5 4. Nd2 e6 5. e4 bxc4 6. Bxc4 Bb7 7. dxe6 fxe6 8. Qe2 Be7 9. Ngf3 d5 10. Bb5+ Bc6 11. Ne5 Bxb5 12. Qxb5+ Nbd7 13. Qc6 Rb8 14. Qxe6 Nxe5 15. Qxe5 dxe4 16. Nxe4 Nxe4 17. Qxe4 0-0 18. 0-0 Bf6 19. Qc4+ Kh8 20. Be3 Bxb2 21. Rad1 Bd4 22. Bxd4 cxd4 23. Rxd4 Qf6 24. g3 Qf3 25. Qd3 Qf7 26. Qd2 Qf3 27. Rd7 Rf7 28. Qd5 Qxd5 29. Rxd5 Rc8 30. Rfd1 g6 31. R1d2 Kg7 32. h4 Rcc7 33. Kg2 h5 34. Rd6 Rf6 35. Rd7+ Rf7 36. Rxf7+ Kxf7 37. Rd6 a5 38. Ra6 Rc5 39. Kf3 Rf5+ 40. Ke3 Re5+ 41. Kd3 Rd5+ 42. Kc4 Re5 43. a4 Kg7 44. Rd6 Re2 45. Rd5 Rxf2 46. Rxa5 Rf3 47. Rg5 Kf7 48. a5 Rf6 49. Kb5 1-0

[Event "CZE-chT 2223"]
[Site "Czech Republic"]
[Date "2023.01.07"]
[Round "5.3"]
[White "Frank, Adam"]
[Black "Obsivac, Josef"]
[Result "1-0"]
[WhiteElo "2297"]
[BlackElo "2275"]
[PlyCount "83"]
[EventDate "2022.10.15"]
[EventType "team-tourn"]
[EventRounds "11"]
[EventCountry "CZE"]
[SourceTitle "CBM 213 Extra"]
[Source "ChessBase"]
[SourceDate "2023.05.31"]
[SourceVersion "1"]
[SourceVersionDate "2023.05.31"]
[SourceQuality "1"]
[WhiteTeam "Frydek Mistek"]
[BlackTeam "Brno Moravska Slavia"]
[WhiteTeamCountry "CZE"]
[BlackTeamCountry "CZE"]

1. e4 e6 2. d4 d5 3. Nd2 c5 4. Ngf3 cxd4 5. Nxd4 Nc6 6. Bb5 Bd7 7. Nxc6 bxc6 8. Bd3 Bd6 9. Qe2 e5 10. 0-0 Qe7 11. exd5 cxd5 12. c4 e4 13. Bb1 f5 14. cxd5 Nf6 15. Nc4 0-0 16. Nxd6 Qxd6 17. g3 Nxd5 18. a3 Be6 19. Rd1 Rad8 20. Ba2 Qe7 21. Bd2 Qf7 22. Qa6 f4 23. Bxd5 Rxd5 24. Bxf4 Rh5 25. Rac1 Qf5 26. Rc5 Qxc5 27. Qxe6+ Kh8 28. Qxe4 Qf5 29. Qe7 h6 30. h4 Qf7 31. Rd7 Qxe7 32. Rxe7 Rb5 33. Be5 Rg8 34. h5 a5 35. Kg2 Rc5 36. Kh3 Rd5 37. f4 Rb5 38. Kg4 Rc5 39. Ra7 Rb5 40. Bc3 Rd5 41. Bxa5 Rc8 42. Bc3 1-0

[Event "Pardubice Czech op-E 33rd"]
[Site "Pardubice"]
[Date "2022.07.16"]
[Round "4.1"]
[White "Obsivac, Josef"]
[Black "Stalmach, Richard"]
[Result "1-0"]
[WhiteElo "2272"]
[BlackElo "2363"]
[PlyCount "123"]
[EventDate "2022.07.14"]
[EventType "team-swiss"]
[EventRounds "7"]
[EventCountry "CZE"]
[SourceTitle "CBM 209 Extra"]
[Source "ChessBase"]
[SourceDate "2022.09.30"]
[SourceVersion "1"]
[SourceVersionDate "2022.09.30"]
[SourceQuality "1"]
[WhiteTeam "Brno Moravska Slavia II"]
[BlackTeam "Beskydy Chess School J"]
[WhiteTeamCountry "CZE"]
[BlackTeamCountry "CZE"]

1. d4 Nf6 2. c4 g6 3. Nc3 Bg7 4. e4 0-0 5. Be3 d6 6. h3 c5 7. d5 e6 8. Bd3 Re8 9. Nf3 exd5 10. exd5 Bh6 11. 0-0 Bxe3 12. fxe3 Nbd7 13. e4 Ne5 14. Nxe5 Rxe5 15. Qf3 Kg7 16. Rf2 Bd7 17. Raf1 Ng8 18. Qxf7+ Kh8 19. Qf4 a6 20. a4 Qe7 21. Be2 Rd8 22. Bg4 Qg7 23. Bxd7 Rxd7 24. Qf8 Qxf8 25. Rxf8 Kg7 26. a5 Nh6 27. Rb8 Nf7 28. Rf4 Ree7 29. b3 Ne5 30. Na4 Nf7 31. Nb6 Rc7 32. Rc8 Ne5 33. Rxc7 Rxc7 34. Kf1 Nd3 35. Rf3 Ne5 36. Re3 Rf7+ 37. Ke2 Rf6 38. Na4 g5 39. Nb2 Rg6 40. Nd3 Kf6 41. Nf2 h5 42. Kd2 g4 43. h4 Rg8 44. Nh1 Ng6 45. Ng3 Nxh4 46. Nxh5+ Ke5 47. g3 Nf3+ 48. Kc3 Rh8 49. Nf4 Rh1 50. Nd3+ Kf6 51. Nf2 Rc1+ 52. Kb2 Rf1 53. Nxg4+ Kg5 54. e5 dxe5 55. Nxe5 Rf2+ 56. Kc3 Nd4 57. Nd7 Kf5 58. Nxc5 Ne2+ 59. Kb4 Nd4 60. Rd3 Nc2+ 61. Kc3 Ne1 62. Rd2 1-0

[Event "CZE-chT 2122"]
[Site "Czech Republic"]
[Date "2022.04.08"]
[Round "13.1"]
[White "Chytilek, Roman"]
[Black "Obsivac, Josef"]
[Result "1/2-1/2"]
[WhiteElo "2321"]
[BlackElo "2248"]
[PlyCount "42"]
[EventDate "2021.10.15"]
[EventType "team-tourn"]
[EventRounds "15"]
[EventCountry "CZE"]
[SourceTitle "EXT 2023"]
[Source "ChessBase"]
[SourceDate "2022.10.05"]
[SourceVersion "1"]
[SourceVersionDate "2022.10.05"]
[SourceQuality "1"]
[WhiteTeam "Brno Duras"]
[BlackTeam "Brno Moravska Slavia"]
[WhiteTeamCountry "CZE"]
[BlackTeamCountry "CZE"]

1. d4 Nf6 2. Nf3 g6 3. g3 Bg7 4. Bg2 0-0 5. 0-0 d6 6. a4 a5 7. Nc3 c6 8. e4 Bg4 9. h3 Bxf3 10. Bxf3 Na6 11. Be3 Nc7 12. Bg2 Qd7 13. f4 d5 14. e5 Nfe8 15. g4 f5 16. exf6 exf6 17. f5 g5 18. Qd3 Nd6 19. Rae1 Rf7 20. b3 Bf8 21. Bd2 b6 1/2-1/2

[Event "CZE-chT1E 2122"]
[Site "Czech Republic"]
[Date "2022.03.26"]
[Round "10.6"]
[White "Zylka, Stanislaw"]
[Black "Obsivac, Josef"]
[Result "1-0"]
[WhiteElo "2338"]
[BlackElo "2248"]
[PlyCount "85"]
[EventDate "2021.10.09"]
[EventType "team-tourn"]
[EventRounds "11"]
[EventCountry "CZE"]
[SourceTitle "EXT 2023"]
[Source "ChessBase"]
[SourceDate "2022.10.05"]
[SourceVersion "1"]
[SourceVersionDate "2022.10.05"]
[SourceQuality "1"]
[WhiteTeam "Orlova Slavia"]
[BlackTeam "Grygov Proclient"]
[WhiteTeamCountry "CZE"]
[BlackTeamCountry "CZE"]

1. e4 c5 2. c3 d6 3. d4 Nf6 4. dxc5 Nc6 5. f3 dxc5 6. Qxd8+ Nxd8 7. Be3 Nd7 8. a4 g6 9. a5 Bg7 10. Nd2 Rb8 11. Bb5 Ne6 12. Ne2 0-0 13. Nf4 Nxf4 14. Bxf4 Ne5 15. Bg3 Be6 16. f4 Bd7 17. Be2 Nc6 18. 0-0 b6 19. axb6 axb6 20. e5 Be6 21. Ra6 Na5 22. Re1 Bd5 23. Bh4 f6 24. Bb5 fxe5 25. fxe5 Rf5 26. e6 Re5 27. Rxe5 Bxe5 28. Bxe7 Bf4 29. Nf3 Be3+ 30. Kh1 Bxe6 31. Bd6 Rb7 32. Ra8+ Kg7 33. Ne5 Bc1 34. b4 cxb4 35. cxb4 Bd5 36. Rd8 Nb3 37. Bf8+ Kf6 38. Rxd5 Rc7 39. Nc6 Rf7 40. Bd6 Kg7 41. Be5+ Kh6 42. Rd1 Be3 43. Bc4 1-0

[Event "Titled Tuesday intern op 04th May"]
[Site "Chess.com INT"]
[Date "2021.05.04"]
[Round "3"]
[White "Roebers, Jan"]
[Black "Obsivac, Josef"]
[Result "0-1"]
[WhiteElo "2170"]
[BlackElo "2255"]
[PlyCount "110"]
[EventDate "2021.05.04"]
[EventType "swiss (blitz)"]
[EventRounds "11"]
[EventCountry "USA"]
[SourceTitle "CBM 202 Extra"]
[Source "ChessBase"]
[SourceDate "2021.07.31"]
[SourceVersion "1"]
[SourceVersionDate "2021.07.31"]
[SourceQuality "1"]

1. e4 c5 2. Nf3 d6 3. Nc3 Nf6 4. e5 dxe5 5. Nxe5 Nbd7 6. Nc4 e6 7. g3 Be7 8. Bg2 0-0 9. d3 Rb8 10. Bf4 Ra8 11. 0-0 Nb6 12. a4 Nbd5 13. Nxd5 Nxd5 14. Bd2 Bf6 15. Re1 b6 16. Rb1 Bb7 17. Qh5 Qc7 18. Bg5 Bd4 19. Ne3 g6 20. Qh4 Nxe3 21. Bxe3 Bg7 22. Bxb7 Qxb7 23. Bh6 Rfd8 24. Bxg7 Kxg7 25. Qe4 Qxe4 26. Rxe4 Rd5 27. b4 Rc8 28. Rc4 Rd4 29. Rc3 c4 30. dxc4 Rdxc4 31. Rxc4 Rxc4 32. Rb2 Kf6 33. Kf1 Ke5 34. Ke2 Kd4 35. Kd2 Rc3 36. Ra2 e5 37. b5 Rf3 38. Ke2 e4 39. a5 Kc5 40. axb6 axb6 41. Ra4 f5 42. c4 h5 43. Ra7 Kxc4 44. Rg7 Kxb5 45. Rxg6 Kc5 46. Rg5 b5 47. Rxh5 b4 48. Rh8 Ra3 49. Rc8+ Kd4 50. Rb8 Ra2+ 51. Ke1 Kc3 52. Rc8+ Kb2 53. Rc5 b3 54. Rxf5 Ka1 55. Rb5 b2 0-1

[Event "Titled Tuesday intern op 20th Apr"]
[Site "Chess.com INT"]
[Date "2021.04.20"]
[Round "6"]
[White "Jannatul, Ferdous"]
[Black "Obsivac, Josef"]
[Result "0-1"]
[WhiteElo "1778"]
[BlackElo "2255"]
[PlyCount "88"]
[EventDate "2021.04.20"]
[EventType "swiss (blitz)"]
[EventRounds "11"]
[EventCountry "USA"]
[SourceTitle "CBM 202 Extra"]
[Source "ChessBase"]
[SourceDate "2021.07.31"]
[SourceVersion "1"]
[SourceVersionDate "2021.07.31"]
[SourceQuality "1"]

1. e4 c5 2. Nf3 d6 3. d4 cxd4 4. Nxd4 Nf6 5. Nc3 a6 6. Be3 e5 7. Nb3 Be6 8. Bd3 Nbd7 9. 0-0 Be7 10. Qe2 0-0 11. Rfd1 Rc8 12. h3 h6 13. f4 Qc7 14. f5 Bc4 15. g4 Rfe8 16. h4 d5 17. exd5 Bxd5 18. g5 hxg5 19. hxg5 e4 20. Nxd5 Nxd5 21. Bxe4 Qg3+ 22. Bg2 Nxe3 23. Rxd7 Bxg5 24. Qf3 Qxg2+ 25. Qxg2 Nxg2 26. Kxg2 Rxc2+ 27. Kh1 Rxb2 28. Rg1 Bf6 29. Rd6 Ree2 30. Rgd1 Rh2+ 31. Kg1 Rbg2+ 32. Kf1 Rf2+ 33. Kg1 Be5 34. Rd8+ Kh7 35. R8d3 Rxa2 36. Nc5 Rag2+ 37. Kf1 Rg5 38. Rf3 Rh1+ 39. Ke2 Rg2+ 40. Ke3 Rxd1 41. Nxb7 Rg3 42. Nc5 Rxf3+ 43. Kxf3 a5 44. Nb3 a4 0-1

[Event "Titled Tuesday intern op 20th Apr"]
[Site "Chess.com INT"]
[Date "2021.04.20"]
[Round "5"]
[White "Obsivac, Josef"]
[Black "Seul, Georg"]
[Result "0-1"]
[WhiteElo "2255"]
[BlackElo "2372"]
[PlyCount "64"]
[EventDate "2021.04.20"]
[EventType "swiss (blitz)"]
[EventRounds "11"]
[EventCountry "USA"]
[SourceTitle "CBM 202 Extra"]
[Source "ChessBase"]
[SourceDate "2021.07.31"]
[SourceVersion "1"]
[SourceVersionDate "2021.07.31"]
[SourceQuality "1"]

1. d4 Nf6 2. c4 e6 3. Nf3 Bb4+ 4. Nbd2 0-0 5. a3 Be7 6. e4 d6 7. Bd3 e5 8. d5 a5 9. b3 Nfd7 10. 0-0 Nc5 11. Bc2 c6 12. Bb2 cxd5 13. cxd5 Bg4 14. b4 Ncd7 15. Bd3 Na6 16. Qb3 axb4 17. axb4 g6 18. h3 Bxf3 19. Nxf3 Bg5 20. Nxg5 Qxg5 21. Bc1 Qh4 22. Be3 f5 23. f3 fxe4 24. Bxe4 Nf6 25. b5 Nxe4 26. bxa6 Ng3 27. axb7 Rab8 28. Rfb1 e4 29. Ra4 Ne2+ 30. Kh1 Rxf3 31. Rxe4 Rxh3+ 32. gxh3 Qxh3# 0-1

[Event "CZE-ch Betsys Online Blitz"]
[Site "Chess.com INT"]
[Date "2021.04.17"]
[Round "12"]
[White "Mica, Marek"]
[Black "Obsivac, Josef"]
[Result "1-0"]
[WhiteElo "2274"]
[BlackElo "2255"]
[PlyCount "141"]
[EventDate "2021.04.17"]
[EventType "swiss (blitz)"]
[EventRounds "13"]
[EventCountry "CZE"]
[SourceTitle "CBM 201 Extra"]
[Source "ChessBase"]
[SourceDate "2021.05.31"]
[SourceVersion "1"]
[SourceVersionDate "2021.05.31"]
[SourceQuality "1"]

1. Nf3 d5 2. e3 Nf6 3. b3 Bg4 4. Bb2 Nbd7 5. h3 Bh5 6. d3 e6 7. Nbd2 Bd6 8. g4 Bg6 9. Bg2 c6 10. Qe2 e5 11. e4 0-0 12. h4 h5 13. g5 Ng4 14. Bh3 f5 15. gxf6 Ndxf6 16. Ng5 Qe7 17. f3 Nh6 18. Rg1 Bc5 19. Rg2 Bf7 20. 0-0-0 a5 21. exd5 Nxd5 22. Qxe5 Qxe5 23. Bxe5 Ne3 24. Rdg1 Nxg2 25. Rxg2 g6 26. Nxf7 Kxf7 27. d4 Ba3+ 28. Kd1 Rg8 29. Ne4 Nf5 30. Ng5+ Ke7 31. Re2 Kd7 32. Ne4 Be7 33. Ng3 Rgf8 34. Nxf5 gxf5 35. Rg2 Rf7 36. Rg6 Bxh4 37. Rh6 Re8 38. Rxh5 Bf6 39. Rxf5 Ref8 40. Rxf6+ Ke8 41. Re6+ Re7 42. Rxe7+ Kxe7 43. Bg4 Rg8 44. Ke2 Ra8 45. a4 b5 46. Kd3 bxa4 47. bxa4 Ra7 48. c3 Rb7 49. Kc4 Rb1 50. Kc5 Ra1 51. Kxc6 Rxa4 52. Kb5 Ra1 53. c4 a4 54. Kc5 a3 55. Bd6+ Kf6 56. Be5+ Kf7 57. d5 Re1 58. Be6+ Ke7 59. Bc3 a2 60. Kb4 a1Q 61. Bxa1 Rxa1 62. f4 Rf1 63. f5 Kd6 64. c5+ Ke5 65. d6 Rb1+ 66. Ka5 Rc1 67. Kb6 Kf6 68. Kc6 Ke5 69. d7 Rd1 70. Kc7 Kf6 71. d8Q+ 1-0

[Event "CZE-ch Betsys Online Blitz"]
[Site "Chess.com INT"]
[Date "2021.04.17"]
[Round "4"]
[White "Obsivac, Josef"]
[Black "Rosenbaum, Vit"]
[Result "0-1"]
[WhiteElo "2255"]
[BlackElo "2155"]
[PlyCount "112"]
[EventDate "2021.04.17"]
[EventType "swiss (blitz)"]
[EventRounds "13"]
[EventCountry "CZE"]
[SourceTitle "CBM 201 Extra"]
[Source "ChessBase"]
[SourceDate "2021.05.31"]
[SourceVersion "1"]
[SourceVersionDate "2021.05.31"]
[SourceQuality "1"]

1. d4 e6 2. c4 c5 3. d5 exd5 4. cxd5 d6 5. Nc3 Nf6 6. Nf3 g6 7. Nd2 Bg7 8. e4 0-0 9. Be2 Re8 10. 0-0 Na6 11. f3 Nc7 12. a4 Rb8 13. Nc4 a6 14. Bf4 Bf8 15. Qd2 b5 16. axb5 axb5 17. Na5 Bb7 18. Nxb5 Nxb5 19. Bxb5 Re7 20. Nc6 Bxc6 21. Bxc6 Bg7 22. Rfb1 Rc7 23. Ra6 Nh5 24. Bg5 Bf6 25. Be3 Bg7 26. b4 cxb4 27. Rxb4 Rxb4 28. Qxb4 Rc8 29. Ra7 Rb8 30. Qxb8 Qxb8 31. Ra8 Qxa8 32. Bxa8 Be5 33. g3 f5 34. exf5 gxf5 35. Bb6 Nf6 36. Kf2 Kf7 37. Ke3 Bb2 38. Bc7 Ke7 39. Kf4 Bc1+ 40. Kxf5 Nd7 41. Kg4 Ne5+ 42. Kf5 Nxf3 43. h4 Bd2 44. Bb7 Be1 45. Kg4 Ne5+ 46. Kh3 Nd3 47. Bb6 Nc5 48. Bc6 Ne4 49. g4 Nf6 50. g5 Ne4 51. Kg4 Nf2+ 52. Kf5 Nd3 53. h5 Nc5 54. Bxc5 dxc5 55. g6 hxg6+ 56. hxg6 Bc3 0-1

[Event "Titled Tuesday intern op 06th Apr"]
[Site "Chess.com INT"]
[Date "2021.04.06"]
[Round "7"]
[White "Gabriel, Robert A"]
[Black "Obsivac, Josef"]
[Result "0-1"]
[WhiteElo "2236"]
[BlackElo "2255"]
[PlyCount "94"]
[EventDate "2021.04.06"]
[EventType "swiss (blitz)"]
[EventRounds "11"]
[EventCountry "USA"]
[SourceTitle "CBM 201 Extra"]
[Source "ChessBase"]
[SourceDate "2021.05.31"]
[SourceVersion "1"]
[SourceVersionDate "2021.05.31"]
[SourceQuality "1"]

1. d4 Nf6 2. c4 g6 3. Nc3 Bg7 4. e4 d6 5. f3 0-0 6. Be3 c5 7. Nge2 Nc6 8. d5 Ne5 9. Ng3 h5 10. Bd3 h4 11. Nge2 e6 12. 0-0 exd5 13. cxd5 h3 14. g3 a6 15. a4 b6 16. Kh1 Ne8 17. f4 Nxd3 18. Qxd3 f5 19. e5 dxe5 20. fxe5 Bxe5 21. Bf4 Bg7 22. Rae1 Nd6 23. Bxd6 Qxd6 24. Nf4 Ra7 25. Ne6 Raf7 26. Nxg7 Kxg7 27. Qe3 Bb7 28. Qe6 Rd8 29. Qxd6 Rxd6 30. Re5 Rfd7 31. Rfe1 Bxd5+ 32. Nxd5 Rxd5 33. Kg1 Rxe5 34. Rxe5 Rd2 35. b4 cxb4 36. Re6 Ra2 37. Rxb6 Rxa4 38. Kf2 a5 39. Kf3 g5 40. Ke3 Ra3+ 41. Kd4 f4 42. gxf4 gxf4 43. Ke4 f3 44. Kf5 f2 45. Rb7+ Kf8 46. Rb8+ Ke7 47. Rb7+ Kd6 0-1

[Event "Titled Tuesday intern op 06th Apr"]
[Site "Chess.com INT"]
[Date "2021.04.06"]
[Round "3"]
[White "Pantev, Veselin"]
[Black "Obsivac, Josef"]
[Result "1-0"]
[WhiteElo "2393"]
[BlackElo "2255"]
[PlyCount "111"]
[EventDate "2021.04.06"]
[EventType "swiss (blitz)"]
[EventRounds "11"]
[EventCountry "USA"]
[SourceTitle "CBM 201 Extra"]
[Source "ChessBase"]
[SourceDate "2021.05.31"]
[SourceVersion "1"]
[SourceVersionDate "2021.05.31"]
[SourceQuality "1"]

1. d4 Nf6 2. Nf3 g6 3. Bf4 Bg7 4. e3 d6 5. Be2 0-0 6. c4 Nfd7 7. e4 e5 8. Be3 Nc6 9. 0-0 Qe8 10. Nc3 Nf6 11. d5 Ne7 12. h3 Nh5 13. c5 Nf4 14. Nb5 Qd8 15. Rc1 a6 16. cxd6 cxd6 17. Nc7 Rb8 18. Ba7 Bd7 19. a4 h6 20. b4 f5 21. Bxb8 Qxb8 22. exf5 Nxf5 23. Ne6 Nxe6 24. dxe6 Bxe6 25. Bc4 Qe8 26. Qb3 Bxc4 27. Qxc4+ Kh7 28. b5 axb5 29. Qxb5 Qe6 30. Rfe1 Rf7 31. Rcd1 e4 32. Nh2 Bc3 33. Re3 Nxe3 34. fxe3 h5 35. Nf1 Be5 36. Nd2 Qa2 37. Qc4 Qxc4 38. Nxc4 Bg3 39. Rd2 Rc7 40. Rc2 d5 41. Na3 Rd7 42. Nb5 Be5 43. Rc5 Bg3 44. Rc2 Be5 45. Kf1 Bg3 46. Ke2 Rf7 47. Nc3 Rf2+ 48. Kd1 Rf1+ 49. Kd2 Be1+ 50. Ke2 Rg1 51. Rc1 Bf2 52. Rxg1 Bxg1 53. Nxd5 Kg7 54. Nc3 Kf6 55. Nxe4+ Ke5 56. Kd3 1-0

[Event "Vsetin op 45th"]
[Site "Vsetin"]
[Date "2020.07.09"]
[Round "8"]
[White "Krawczyk, Flawian"]
[Black "Obsivac, Josef"]
[Result "0-1"]
[WhiteElo "2035"]
[BlackElo "2257"]
[PlyCount "58"]
[EventDate "2020.07.04"]
[EventType "swiss"]
[EventRounds "9"]
[EventCountry "CZE"]
[SourceTitle "CBM 197 Extra"]
[Source "ChessBase"]
[SourceDate "2020.09.30"]
[SourceVersion "1"]
[SourceVersionDate "2020.09.30"]
[SourceQuality "1"]

1. e4 c5 2. Nf3 d6 3. d4 cxd4 4. Nxd4 Nf6 5. Nc3 a6 6. h3 e5 7. Nb3 Be7 8. Be3 Nbd7 9. Qf3 b5 10. g4 b4 11. Nd5 Nxd5 12. exd5 Bg5 13. Bd3 Bxe3 14. Qxe3 Bb7 15. Be4 a5 16. Bf3 Qb6 17. Qg5 0-0 18. 0-0 Rac8 19. Qf5 Rc7 20. Be4 Nf6 21. Bd3 Bxd5 22. g5 Be6 23. Qf3 Nd5 24. Qh5 g6 25. Qh6 Nf4 26. Nd2 d5 27. h4 Qd4 28. Kh2 Nxd3 29. cxd3 Qf4+ 0-1

[Event "Vsetin op 45th"]
[Site "Vsetin"]
[Date "2020.07.06"]
[Round "3"]
[White "Obsivac, Josef"]
[Black "Trybus, Daniel"]
[Result "1-0"]
[WhiteElo "2257"]
[BlackElo "1950"]
[PlyCount "73"]
[EventDate "2020.07.04"]
[EventType "swiss"]
[EventRounds "9"]
[EventCountry "CZE"]
[SourceTitle "CBM 197 Extra"]
[Source "ChessBase"]
[SourceDate "2020.09.30"]
[SourceVersion "1"]
[SourceVersionDate "2020.09.30"]
[SourceQuality "1"]

1. d4 Nf6 2. c4 g6 3. Nc3 Bg7 4. e4 d6 5. Nf3 0-0 6. h3 c5 7. d5 e6 8. Bd3 exd5 9. exd5 Re8+ 10. Be3 Na6 11. 0-0 Bd7 12. a3 Nh5 13. g4 Nf6 14. Qd2 h5 15. g5 Bxh3 16. gxf6 Qxf6 17. Ng5 Bxf1 18. Rxf1 Rad8 19. Kg2 Nb8 20. Nf3 Qe7 21. Bg5 f6 22. Bf4 Qd7 23. Bg3 g5 24. Qc2 h4 25. Bf5 Qf7 26. Bh2 Qh5 27. Ng1 Bf8 28. Qd1 Qxd1 29. Rxd1 a6 30. Nf3 Kg7 31. b4 Nd7 32. Ne4 cxb4 33. axb4 b5 34. cxb5 axb5 35. Nd4 h3+ 36. Kxh3 g4+ 37. Kg2 1-0

[Event "CZE-chT2F 1920"]
[Site "Czech Republic"]
[Date "2020.02.09"]
[Round "8.3"]
[White "Stepan, Patrik"]
[Black "Obsivac, Josef"]
[Result "0-1"]
[WhiteElo "2242"]
[BlackElo "2279"]
[PlyCount "110"]
[EventDate "2019.10.13"]
[EventType "team-tourn"]
[EventRounds "11"]
[EventCountry "CZE"]
[SourceTitle "EXT 2024"]
[Source "ChessBase"]
[SourceDate "2023.10.10"]
[SourceVersion "1"]
[SourceVersionDate "2023.10.10"]
[SourceQuality "1"]
[WhiteTeam "Frydek Mistek  III"]
[BlackTeam "Grygov Proclient"]
[WhiteTeamCountry "CZE"]
[BlackTeamCountry "CZE"]

1. d4 Nf6 2. c4 e6 3. Nf3 Bb4+ 4. Bd2 a5 5. g3 d6 6. Bg2 Nbd7 7. 0-0 e5 8. Bg5 exd4 9. Nxd4 h6 10. Bf4 0-0 11. a3 Bc5 12. Nc3 a4 13. Rc1 Bxd4 14. Qxd4 Nc5 15. Rcd1 Be6 16. Nd5 Nxd5 17. cxd5 Bd7 18. Rfe1 Ra5 19. Bd2 Nb3 20. Qf4 Nxd2 21. Rxd2 Rc5 22. Qd4 Re8 23. f4 Qf6 24. Qxf6 gxf6 25. e3 Ra8 26. Kf2 Ra6 27. Bf3 Rb6 28. Rb1 Kg7 29. h4 Rc4 30. Be2 Rc3 31. Ra1 Rc5 32. e4 c6 33. dxc6 Bxc6 34. Ke3 Rb3+ 35. Bd3 Rc4 36. Ke2 Rd4 37. Rad1 Bxe4 38. Bxe4 Rxe4+ 39. Kf2 Ree3 40. Rxd6 Rf3+ 41. Ke2 Rxg3 42. R1d2 Rg2+ 43. Kd1 Rxb2 44. Rxg2+ Rxg2 45. Rd4 b5 46. Rb4 Ra2 47. Rxb5 Rxa3 48. Ra5 Ra2 49. Ke1 a3 50. Kf1 Rh2 51. Rxa3 Rxh4 52. Ra4 Rh2 53. Kg1 Rb2 54. Kf1 Kg6 55. Ra5 Rb4 0-1

[Event "CZE-chT2F 1920"]
[Site "Czech Republic"]
[Date "2019.12.15"]
[Round "5.2"]
[White "Kolar, Stanislav"]
[Black "Obsivac, Josef"]
[Result "0-1"]
[WhiteElo "2052"]
[BlackElo "2279"]
[PlyCount "86"]
[EventDate "2019.10.13"]
[EventType "team-tourn"]
[EventRounds "11"]
[EventCountry "CZE"]
[SourceTitle "EXT 2024"]
[Source "ChessBase"]
[SourceDate "2023.10.10"]
[SourceVersion "1"]
[SourceVersionDate "2023.10.10"]
[SourceQuality "1"]
[WhiteTeam "Havirov Banik"]
[BlackTeam "Grygov Proclient"]
[WhiteTeamCountry "CZE"]
[BlackTeamCountry "CZE"]

1. Nf3 Nf6 2. g3 d5 3. Bg2 c6 4. 0-0 Bf5 5. d4 e6 6. Nh4 Bg4 7. h3 Bh5 8. Nf3 Bd6 9. c4 Nbd7 10. cxd5 exd5 11. Nc3 0-0 12. b3 Re8 13. Bb2 Ne4 14. g4 Bg6 15. e3 h5 16. Rc1 hxg4 17. hxg4 Nxc3 18. Bxc3 Be4 19. Re1 Re6 20. Qe2 Qe7 21. Rcd1 Re8 22. Nd2 Bc2 23. Rc1 Bh7 24. Bh3 Qh4 25. Kg2 Rh6 26. Rh1 Qe7 27. Rcg1 Nf8 28. Kf1 Ne6 29. Qf3 Ng5 30. Qg2 Bd3+ 31. Ke1 f6 32. Kd1 Kf7 33. f4 Ne4 34. Bb2 Reh8 35. g5 Rh4 36. Nf3 Rxh3 37. gxf6 Qxf6 38. Rxh3 Rxh3 39. Ne5+ Bxe5 40. dxe5 Qh6 41. e6+ Ke7 42. Bxg7 Qh5+ 43. Kc1 Rg3 0-1

[Event "CZE-chT 1920"]
[Site "Czech Republic"]
[Date "2019.10.13"]
[Round "2.2"]
[White "Obsivac, Josef"]
[Black "Jurcik, Martin"]
[Result "1/2-1/2"]
[WhiteElo "2285"]
[BlackElo "2360"]
[PlyCount "45"]
[EventDate "2019.10.12"]
[EventType "team-tourn"]
[EventRounds "11"]
[EventCountry "CZE"]
[SourceTitle "EXT 2020"]
[Source "ChessBase"]
[SourceDate "2019.10.17"]
[SourceVersion "1"]
[SourceVersionDate "2019.10.17"]
[SourceQuality "1"]
[WhiteTeam "Brno Moravska Slavia"]
[BlackTeam "Unichess"]
[WhiteTeamCountry "CZE"]
[BlackTeamCountry "CZE"]

1. d4 d5 2. c4 dxc4 3. Nf3 Nf6 4. e3 e6 5. Bxc4 a6 6. 0-0 b5 7. Bd3 Bb7 8. Qe2 c5 9. dxc5 b4 10. Rd1 Qc7 11. Nbd2 Bxc5 12. Nb3 Bd6 13. e4 Nbd7 14. Bg5 Bf4 15. Bxf4 Qxf4 16. Rac1 Bxe4 17. Bxe4 Qxe4 18. Qxe4 Nxe4 19. Rd4 Nef6 20. Rxb4 Ke7 21. Rb7 Rhc8 22. Rxc8 Rxc8 23. Nfd4 1/2-1/2